00934namaa22002051 4500001000700000003000900007005001700016008004100033080000800074100003400082245011900116260014300235300002100378490007000399650003200469650001700501710007600518830007800594852005600672174206ES-MaACL20250907063130.0100303s1912 sp r |||| | spa d a5991 aCabrera, Ángel, d1879-196013aEl concepto de tipo en zoología y los tipos de mamíferos del Museo de Ciencia Naturales / cpor Angel Cabrera. aMadrid : bJunta para Ampliación de Estudios e Investigaciones Científicas, Instituto Nacional de Ciencias Físico-Naturales, c1912. a32 p. ; c23 cm.1 aTrabajos del Museo de Ciencias Naturales. Serie zoológica ; v104aAnimales-xClasificación. 4aMamíferos.2 aJunta para la Ampliación de Estudios e Investigaciones Científicas.00aTrabajos del Museo Nacional de Ciencias Naturales. pSerie zoológicav1 aES-MaACL-13146(1) z.- Encuadernado con otras obras